Statistics for Biggest Super Bowl Sponsors

Click here to take the quiz!

General Stats

  • This quiz has been taken 17 times
  • The average score is 10 of 20

Answer Stats

MoneyFieldCompany% Correct
470 MBeerBudweiser
88%
202 MBeverageCoca-Cola
88%
320 MBeveragePepsi
88%
156 MAutoToyota
88%
109 MAutoFord
81%
108 MFoodMcDonald's
81%
82 MAutoChevrolet
63%
82 MAutoHonda
63%
82 MAutoVolkswagen
63%
169 MAutoHyundai
50%
129 MAutoKia
44%
93 MAutoDodge
38%
87 MTelecomT-Mobile
38%
64 MAutoAudi
25%
61 MAutoChrysler
25%
70 MAutoJeep
19%
66 MLogisticsFed-Ex
13%
96 MFoodDorito's
6%
102 MBeerMichelob
6%
67 MFinanceE-Trade
0%

Score Distribution

Percentile by Number Answered

Percent of People with Each Score

Your Score History

You have not taken this quiz